| 000 | 00483nam a2200169 4500 | ||
|---|---|---|---|
| 003 | SEACOMMC | ||
| 005 | 20250502114004.0 | ||
| 008 | 250206b |||||||| |||| 00| 0 eng d | ||
| 020 |
_a 81-219-2306-9 _cRs.300.00 |
||
| 040 | _aSEACOMMC | ||
| 082 |
_a657 _bL 193 |
||
| 100 | _aLal, Jawahar | ||
| 245 | 1 |
_aFinancial Accounting: Principles and Practices / _c Jawahar Lal & seema Srinivasan |
|
| 260 |
_a New Delhi _b S. Chand Publishers _c 2003 |
||
| 650 | _aAccountancy | ||
| 942 | _cBOOK | ||
| 999 |
_c1060 _d1060 |
||